| 000 | 00633nam a2200181 4500 | ||
|---|---|---|---|
| 001 | 113959 | ||
| 003 | ES-MaACL | ||
| 005 | 20251002201228.0 | ||
| 007 | t| | ||
| 008 | 061121s1934 pe r ||||1| spa d | ||
| 245 | 0 | 0 |
_aRicardo Palma, 1833-1933 _b: [recopilación de las producciones dedicadas al Centanario de su nacimiento / _cpor la Sociedad Amigos de Palma]. |
| 260 |
_aLima : _b[s. n.], _c1934 ( _fComp. de Impresiones) |
||
| 300 |
_a341 p. ; _c21 cm. |
||
| 700 | 1 |
_aPalma, Ricardo, _d1833-1919 _988616 |
|
| 710 | 2 |
_aSociedad Amigos de Palma (Lima) _96628 |
|
| 852 |
_aES-MaACL _jA-2512 |
||
| 999 |
_c113959 _d113959 |
||